000 00810nam a2200265Ia 4500
003 OSt
005 20221006140711.0
006 a|||||r|||| 00| 0
007 ta
008 221006b |||||||| |||| 00| 0 eng d
020 _c1195.105
024 _a426
037 _b66294, 13/02/2001, International Book Distributors
_cTextual
040 _aEASL
_cEASL
_beng
041 _2eng
_aeng
082 _aY7.41, P1
100 _aBLUM Susan D
_9270971
245 0 _aPortraits of Primitives
_bOrdering human kinds in the Chinese nation
260 _aLanham
_bRowman & Littlefield Pub.
300 _a235p.
_ccm.
490 _v CEL
650 _aHistories
_9643243
942 _hY7.41, P1
_cTEXL
_2CC
999 _c1068513
_d1068513